[Event "SK 1911 Herzogenaurach e.V. 1-SG Siemens Erlangen e.V. 1"]
[Site "?"]
[Date "2012.10.07"]
[Round "6.4"]
[Board "4"]
[White "Eichstädt, Timm"]
[Black "Krisin, Joachim"]
[Result "1-0"]
[WhiteElo "1943"]
[BlackElo "1839"]
[WhiteTeam "SK 1911 Herzogenaurach e.V. 1"]
[BlackTeam "SG Siemens Erlangen e.V. 1"]

1. Nf3 Nf6 2. d4 e6 3. c4 Bb4+ 4. Bd2 Qe7 5. e3 b6 6. Nc3 Bb7 7. Bd3 Bxc3 8.
Bxc3 Ne4 9. Bxe4 Bxe4 10. d5 O-O 11. Qd4 f5 12. Nd2 c5 13. Qe5 d6 14. Qxe6+
Qxe6 15. dxe6 Bd3 16. O-O-O Nc6 17. Nf3 Bxc4 18. Rxd6 Nb4 19. Bxb4 cxb4 20. b3
Ba6 21. Nd4 Rac8+ 22. Kd2 Rfd8 23. Rxd8+ Rxd8 24. Rc1 f4 25. Rc7 fxe3+ 26. Kxe3
Re8 27. Rxa7 Bf1 28. Kf3 Bd3 29. Rb7 b5 30. Nc6 g6 31. Nxb4 Bf5 32. e7 Kf7 33.
Nd5 Be6 34. Ke4 Bxd5+ 35. Kxd5 Rxe7 36. Rxe7+ 1-0

[Event "SK 1911 Herzogenaurach e.V. 1-SG Siemens Erlangen e.V. 1"]
[Site "?"]
[Date "2012.10.07"]
[Round "6.5"]
[Board "5"]
[White "Kirsch, Heinrich"]
[Black "Wolter, Norbert"]
[Result "0-1"]
[WhiteElo "1795"]
[BlackElo "1842"]
[WhiteTeam "SG Siemens Erlangen e.V. 1"]
[BlackTeam "SK 1911 Herzogenaurach e.V. 1"]

1. d4 Nf6 2. Nf3 g6 3. Bf4 Bg7 4. c3 O-O 5. Nbd2 d5 6. h3 c5 7. e3 b6 8. Ne5
Nfd7 9. Nxd7 Bxd7 10. dxc5 bxc5 11. Nb3 e5 12. Qxd5 exf4 13. Qxa8 fxe3 14.
O-O-O exf2 15. Qd5 Re8 16. Bb5 Re5 17. Qb7 Bh6+ 18. Kb1 Bf5+ 19. Ka1 Qb6 20.
Qxb6 axb6 21. Rhf1 Bc2 22. Rd8+ Kg7 23. Re8 Rxe8 24. Bxe8 Be3 25. Bb5 Be4 26.
g3 Nc6 27. Nc1 Ne5 28. Rd1 c4 29. b3 Bxc1 30. Rxc1 Bd3 31. Bxc4 Nxc4 32. bxc4
Bxc4 33. Kb2 f1=Q 34. Rxf1 Bxf1 0-1

[Event "SK 1911 Herzogenaurach e.V. 1-SG Siemens Erlangen e.V. 1"]
[Site "?"]
[Date "2012.10.07"]
[Round "6.6"]
[Board "6"]
[White "Habermann, Manfred, Dr."]
[Black "Balhar, Rudolf"]
[Result "1-0"]
[WhiteElo "1835"]
[BlackElo "1834"]
[WhiteTeam "SK 1911 Herzogenaurach e.V. 1"]
[BlackTeam "SG Siemens Erlangen e.V. 1"]

1. d4 Nf6 2. c4 e6 3. Nc3 Bb4 4. Qc2 c5 5. e3 O-O 6. Nf3 d6 7. Be2 Bd7 8. O-O
Bc6 9. Rd1 Qe7 10. a3 Bxc3 11. Qxc3 b6 12. b4 Nbd7 13. Bb2 Ne4 14. Qd3 f5 15.
dxc5 bxc5 16. b5 Bb7 17. a4 Rad8 18. Ne1 Qh4 19. g3 Qe7 20. Bf3 Ndf6 21. h3 Ng5
22. Bxb7 Nxh3+ 23. Kg2 Qxb7+ 24. f3 Ng5 25. Qe2 e5 26. Rd2 Nf7 27. Rad1 Rd7 28.
Kg1 Rfd8 29. Bc3 Re8 30. Ng2 d5 31. cxd5 Rxd5 32. Kf2 Red8 33. Nh4 g6 34. Qc4
Rxd2+ 35. Rxd2 Rxd2+ 36. Bxd2 Qd7 37. Ke2 Qd6 38. Bc1 e4 39. f4 Nd5 40. Ng2 1-0

[Event "SK 1911 Herzogenaurach e.V. 1-SG Siemens Erlangen e.V. 1"]
[Site "?"]
[Date "2012.10.07"]
[Round "6.7"]
[Board "7"]
[White "Neuländtner, Josef"]
[Black "Hamper, Jannik"]
[Result "1-0"]
[WhiteElo "1662"]
[BlackElo "1807"]
[WhiteTeam "SG Siemens Erlangen e.V. 1"]
[BlackTeam "SK 1911 Herzogenaurach e.V. 1"]

1. d4 Nf6 2. c4 g6 3. Nf3 Bg7 4. g3 c6 5. Bg2 d5 6. cxd5 cxd5 7. Nc3 O-O 8. O-O
e6 9. Qc2 Nbd7 10. Bg5 h6 11. Bd2 a6 12. Rfe1 b6 13. Rac1 Bb7 14. e3 Rc8 15.
Qb3 Ne4 16. Red1 g5 17. Be1 g4 18. Nd2 f5 19. Ne2 Qf6 20. Nf4 Qf7 21. h4 gxh3
22. Nxh3 h5 23. Nf3 a5 24. Qb5 Nd6 25. Qe2 Nb8 26. Nfg5 Qg6 27. b3 Ba6 28. Qb2
Rfe8 29. Rxc8 Rxc8 30. Rc1 Nc6 31. Nf3 Ne4 32. Nh4 Qe8 33. Bf1 Bxf1 34. Kxf1
Bf6 35. Ng2 Qe7 36. Qe2 h4 37. g4 Na7 38. Rxc8+ Nxc8 39. gxf5 exf5 40. Qh5 Bg5
41. Qg6+ Qg7 42. Qe6+ Kh7 43. Qxf5+ Kh6 44. Qxc8 Kh7 45. Qf5+ Kh6 46. Qxd5 Nf6
47. Qf5 Kh5 48. Ngf4+ Kh6 49. Ne6 1-0